| 000 | 01011cam a2200265Mc 4500 | ||
|---|---|---|---|
| 005 | 20180313054547.0 | ||
| 008 | 140922s1995 enk fr 001 0 eng d | ||
| 020 | _a9780521450126 | ||
| 020 | _a0521450128 | ||
| 040 |
_aCO-BoUCM _bspa _cSandra Palacio (modificó) _dJose A. Gerena |
||
| 041 | 0 | _aeng | |
| 060 | _aWA 11.1 | ||
| 245 | 0 | 0 |
_aInternational health organisations and movements _ceditor Paul Weindling _b1918-1939 |
| 260 | 3 |
_aCambridge (Inglaterra) _bCambridge University press _c1995 |
|
| 300 | _axvi, 337 páginas | ||
| 490 | 0 | _aCambridge history of medicine | |
| 504 | _aIncluye referencias bibliográficas e índices | ||
| 650 | 7 |
_98073 _aSalud pública _xHistoria _ySiglo XX |
|
| 650 | 7 |
_920845 _aOrganismos internacionales _xHistoria _ySiglo XX |
|
| 650 | 7 |
_921996 _aPolítica médica _xHistoria _ySiglo XX |
|
| 690 |
_aSalud pública _98073 |
||
| 690 |
_aHistoria de la medicina _926510 |
||
| 700 | 1 |
_aWeindling, Paul _eeditor _964696 |
|
| 942 |
_2NLM _a26 _cLIBRO _e1 _hWA 11 _mI612 _n0 |
||
| 999 |
_c296846 _d296846 |
||